[Event "BCF-chT4 2223 (4NCL)"]
[Site "England"]
[Date "2023.04.29"]
[Round "9.56"]
[White "Bozhgulova, Zaynabkhan"]
[Black "Graham, Neil"]
[Result "0-1"]
[WhiteElo "1343"]
[BlackElo "1780"]
[PlyCount "76"]
[EventDate "2022.11.05"]
[EventType "team-swiss"]
[EventRounds "11"]
[EventCountry "ENG"]
[SourceTitle "EXT 2024"]
[Source "ChessBase"]
[SourceDate "2023.10.10"]
[SourceVersion "1"]
[SourceVersionDate "2023.10.10"]
[SourceQuality "1"]
[WhiteTeam "Coventry"]
[BlackTeam "Ashfield II"]
[WhiteTeamCountry "ENG"]
[BlackTeamCountry "ENG"]

1. e4 e5 2. Nf3 Nf6 3. Nc3 Nc6 4. d4 exd4 5. Nxd4 Bb4 6. Nxc6 bxc6 7. Bd3 0-0 8. 0-0 Re8 9. Re1 d6 10. Bg5 h6 11. Bh4 g5 12. Bg3 Bg4 13. f3 Bc5+ 14. Kh1 Bh5 15. Qd2 Bg6 16. Bf2 Bxf2 17. Qxf2 Nd7 18. Bc4 Qb8 19. Rab1 Qb4 20. Qf1 Ne5 21. Bb3 a5 22. a3 Qb8 23. f4 gxf4 24. Qxf4 Kg7 25. Ne2 c5 26. Ng3 c4 27. Ba4 Rh8 28. b3 Qd8 29. Nf5+ Bxf5 30. exf5 Qg5 31. Qf1 c3 32. Rbd1 Rhg8 33. Qf2 Kh7 34. h3 Qg3 35. Qxg3 Rxg3 36. Bb5 Rag8 37. Rg1 Nf3 38. Rd3 Rxh3+ 0-1

[Event "BCF-chT4 2223 (4NCL)"]
[Site "England"]
[Date "2023.03.25"]
[Round "7.66"]
[White "Bozhgulova, Zaynabkhan"]
[Black "Lee, Xander"]
[Result "1-0"]
[WhiteElo "1333"]
[BlackElo "1439"]
[PlyCount "51"]
[EventDate "2022.11.05"]
[EventType "team-swiss"]
[EventRounds "11"]
[EventCountry "ENG"]
[SourceTitle "EXT 2024"]
[Source "ChessBase"]
[SourceDate "2023.10.10"]
[SourceVersion "1"]
[SourceVersionDate "2023.10.10"]
[SourceQuality "1"]
[WhiteTeam "Coventry"]
[BlackTeam "Barnet Knights III"]
[WhiteTeamCountry "ENG"]
[BlackTeamCountry "ENG"]

1. b3 e5 2. Bb2 Nc6 3. e3 d5 4. Nf3 Bd6 5. Be2 Nf6 6. 0-0 0-0 7. d4 Qe7 8. c4 b6 9. cxd5 e4 10. dxc6 exf3 11. Bxf3 Ne4 12. g3 Ng5 13. Bg2 Nh3+ 14. Kh1 Qg5 15. Nd2 Bg4 16. Qe1 Bb4 17. a3 Bxd2 18. Qxd2 Qf5 19. f3 Rfe8 20. fxg4 Qxg4 21. Bf3 Qg5 22. Rae1 Re7 23. Qg2 Qh6 24. Bc1 Qe6 25. d5 Qc8 26. e4 1-0